Contenido y conciencia
Збережено в:
| Автор: | |
|---|---|
| Формат: | Книга |
| Мова: | Іспанська |
| Опубліковано: |
Barcelona
Gedisa
1996
|
| Редагування: | 1a. ed |
| Серія: | Ciencias Cognitivas
|
| Предмети: | |
| Теги: |
Додати тег
Немає тегів, Будьте першим, хто поставить тег для цього запису!
|
MARC
| LEADER | 00000nam a2200000 a 4500 | ||
|---|---|---|---|
| 001 | UCO9794 | ||
| 003 | CL-VaPUC | ||
| 008 | 010309e19960900SP |||||||||||||||||spa|d | ||
| 020 | |a 8474325692 | ||
| 082 | 0 | 4 | |a 128.2 |b DEN |2 21 |
| 100 | |a Dennett, Daniel Clement |e author |9 452353 | ||
| 245 | 1 | 0 | |a Contenido y conciencia |
| 250 | |a 1a. ed | ||
| 300 | |a 256 p | ||
| 942 | |c BK | ||
| 945 | |d 20010309 00:00:00 |a cmena | ||
| 260 | |a Barcelona |b Gedisa |c 1996 | ||
| 650 | 0 | |a Antropología filosófica |9 265842 | |
| 650 | 0 | |a Mente y cuerpo |9 307279 | |
| 650 | 0 | |a Conciencia |9 309452 | |
| 650 | 0 | |a Desarrollo cognitivo |9 311398 | |
| 650 | 7 | |a NEUROFISIOLOGIA |2 CL-VaPUC |9 454919 | |
| 583 | |a last modification |c 20121001 10:45:59 |k Rodrigo Vera | ||
| 490 | 0 | |a Ciencias Cognitivas | |
| 999 | |c 293817 |d 293815 | ||
| 952 | |0 0 |1 0 |4 0 |6 128_200000000000000_DEN_1996 |7 0 |8 A |9 345546 |a FDOPOS |b FDOPOS |d 2019-11-20 |i 3687910 |o 128.2 DEN 1996 |p 3687910 |r 2025-01-22 |w 2019-11-20 |y BK |k MLA | ||
| 952 | |0 0 |1 0 |4 0 |6 128_200000000000000_DEN_1996 |7 0 |8 A |9 345547 |a BIBEDU |b BIBEDU |d 2019-11-20 |i 365592K |o 128.2 DEN 1996 |p 365592K |r 2019-11-20 |w 2019-11-20 |y BK |k PSI | ||
| 952 | |0 0 |1 0 |4 0 |6 128_200000000000000_DEN_1996 |7 0 |8 A |9 345548 |a BIBGIM |b BIBGIM |d 2019-11-20 |i 4608976 |o 128.2 DEN 1996 |p 4608976 |r 2025-01-15 |w 2019-11-20 |y BK |k COM | ||